000 01185nam a2200337 a 4500
001 81643
003 BD-RjUL
005 20230806120252.0
008 230806s2020 flua b 001 0 eng
020 _a9781138056749
_q(hardback : alk. paper)
020 _z9781315164953
_q(ebook)
035 _a(BD-RjUL)81643
040 _aDLC
_beng
_erda
_cDLC
_dDLC
_dBD-RjUL
041 _aeng
082 0 0 _223
_a615.19
_bFIL 2020
245 0 0 _aFiltration and purification in the biopharmaceutical industry /
_cedited by Maik W. Jornitz.
250 _aThird edition.
264 1 _aBoca Raton :
_bCRC Press, Taylor & Francis Group,
_c2020
300 _axviii, 653 pages :
_billustrations ;
_c26 cm.
336 _atext
_btxt
_2rdacontent
337 _aunmediated
_bn
_2rdamedia
338 _avolume
_bnc
_2rdacarrier
490 0 _aDrugs and the pharmaceutical sciences
504 _aIncludes bibliographical references and index.
650 0 _aBiological products
_xSeparation.
_98225
650 0 _aFilters and filtration.
_98226
650 0 _aPharmaceutical biotechnology
_xMethodology.
_98227
700 1 _aJornitz, Maik W.,
_d1961-
_eeditor.
_98228
942 _2ddc
_cBK
999 _c81643
_d81643